| 000 | 00458nam a2200181Ia 4500 | ||
|---|---|---|---|
| 005 | 20240823032637.0 | ||
| 008 | 240823s9999||||xx |||||||||||||| ||und|| | ||
| 041 | _aENGLISH | ||
| 082 | _A610.28 P9 | ||
| 100 | _a"Wise,Donald L Ed." | ||
| 245 | 0 | _aBioinstrumentation and Biosensors | |
| 250 | _a1st | ||
| 260 |
_c2009 _bMarcel Dekke |
||
| 500 | _aYES | ||
| 650 |
_aBioinstrumentation and Biosensors _bBio Medical Engg. |
||
| 942 | _cBK | ||
| 999 |
_c193920 _d193920 |
||